1472 1387 1975 1860 1573 1452 1399 1777 1160 1391 1682 1567 1355 1326 1522 1636 1560 1276 1902 1808 1121 1328 2000 1246 1615 1493 1525 1219 1737 1116 1030 1252 1776 1124 1665 1150 1192 1305 1583 1352 1189 1495 1907 1595 1259 1902 1464 1881 1684 1916 1938 1134 1545 1323 1992 1325 1522 1896 1534 1070 1202 1082 1126 1907 1968 1158 1890 1036 1733 1561 1035 1907 1706 1985 1293 1031 1027 1162 1076 1965 1892 1951 1417 1215 1346 1875 1662 1939 1583 1606 1979 1371 1752 1160 1604 1873 1248 1276 1810 BCNSPRNW ULIB Ver.6.0+V

เปลี่ยนเป็นภาษาไทย

Change to English
 แสดงรายละเอียดบรรณานุกรม
  กลับหน้าหลัก

Brief Record : Get Marc (ISO 2709) : E-mail record : QR code < ปิดหน้าต่าง
LEADER : 00000nam 2200000uu 4500
001    13399111691
003     ULIB
008    110706s2553||||th 000 0 tha d
020    9786165001014
090    นว.^bณ410ส 2553
100 0  ณารา
245 00 เจ้านาง/^cณารา
260    กรุงเทพฯ :^bพิมพ์คำ,^c2553
300    340 หน้า
945    ^p230^l0^i18284
995     เกษร
999    ^aใช้งานได้ทุกระบบ
รายการนี้ยังไม่มีแท็ก
คุณยังไม่ได้ล็อกอิน คุณสามารถมีกิจกรรมร่วมกับเว็บไซต์ได้ แต่ต้องล็อกอินก่อน ::
  ล็อกอิน

รายการสื่อสารสนเทศ

ลำดับที่ ประเภท เลขเรียก/บาร์โค้ด สถานที่ สถานะ
1. นวนิยาย
นวนิยาย
นว. ณ410ส 2553  
  Barcode: 18284
ห้องสมุดวิทยาเขตสวรรค์ประชารักษ์
►นวนิยาย
บนชั้น
  ขอยืม

รายการใกล้เคียง
    ผู้แต่ง [ณารา]

BibComment


ยังไม่เคยถูกคอมเมนท์

คอมเมนท์ทรัพยากรรายการนี้
  คอมเมนท์: เจ้านาง ณารา


 Copyright 2026. Bcnsprnw @Library